000 00299nam a2200121Ia 4500
100 _aMachinery yellow back series
942 _cBK
654 _aCasting
245 _aInvestment Precision Casting Part I No.35 A
260 _bMachinery Publication & co
_c2001
082 _a671.2
546 _aENGLISH
999 _c31450
_d31450